Rheological and die swell behaviour of natural rubber melts (Record no. 47105)
[ view plain ]
| 000 -LEADER | |
|---|---|
| fixed length control field | 01944nam a2200385Ia 4500 |
| 100 ## - MAIN ENTRY--AUTHOR NAME | |
| Personal name | Gupta B R |
| 245 #0 - TITLE STATEMENT | |
| Title | Rheological and die swell behaviour of natural rubber melts |
| 260 ## - PUBLICATION, DISTRIBUTION, ETC. (IMPRINT) | |
| Name of publisher | Indian Journal of Natural Rubber Research |
| Year of publication | 1989 |
| 300 ## - PHYSICAL DESCRIPTION | |
| Number of Pages | 38-46 |
| 520 ## - SUMMARY, ETC. | |
| Summary, etc | Studies on rheological and die swell behaviour of natural rubber melts were carried out in aDavenport Capillary Rheometer. Two types of rubber, a Standard Malaysian Rubber (SMR-L) and a viscosity stabilised form of SMR (SMR CV-70) were masticated in a two-roll mill at 50 degree C for different time invervals. The extent of mastication is expressed as plasticity, measured from Wallace rapid plastimeter. Both type of rubbers have shown pseudoplastic behaviour with the value of Non-Newtonian index, n, varying between 0.1675 and 0.2695 under different levels of mastication. Die swell increases with plasticity and shear stress, but decreases with increasing levels of mastication. The value of non-Newtonian index first decreases with plasticity and then increases. The apparent viscosity is found to decrease with the rate of shear and the extent of mastication. It is also established that the power-law model describes the behaviour of both masticated and unmasticated rubber. |
| 650 ## - SUBJECT ADDED ENTRY--TOPICAL TERM | |
| Topical Term | Apparent viscosity |
| 650 ## - SUBJECT ADDED ENTRY--TOPICAL TERM | |
| Topical Term | Apparent viscosity |
| 650 ## - SUBJECT ADDED ENTRY--TOPICAL TERM | |
| Topical Term | Die swell |
| 650 ## - SUBJECT ADDED ENTRY--TOPICAL TERM | |
| Topical Term | Die swell |
| 650 ## - SUBJECT ADDED ENTRY--TOPICAL TERM | |
| Topical Term | Extrusion rheometer |
| 650 ## - SUBJECT ADDED ENTRY--TOPICAL TERM | |
| Topical Term | Extrusion rheometer |
| 650 ## - SUBJECT ADDED ENTRY--TOPICAL TERM | |
| Topical Term | Mastication |
| 650 ## - SUBJECT ADDED ENTRY--TOPICAL TERM | |
| Topical Term | Mastication |
| 650 ## - SUBJECT ADDED ENTRY--TOPICAL TERM | |
| Topical Term | Natural rubber |
| 650 ## - SUBJECT ADDED ENTRY--TOPICAL TERM | |
| Topical Term | Natural rubber |
| 650 ## - SUBJECT ADDED ENTRY--TOPICAL TERM | |
| Topical Term | Plasticity |
| 650 ## - SUBJECT ADDED ENTRY--TOPICAL TERM | |
| Topical Term | Plasticity |
| 650 ## - SUBJECT ADDED ENTRY--TOPICAL TERM | |
| Topical Term | Rate of shear |
| 650 ## - SUBJECT ADDED ENTRY--TOPICAL TERM | |
| Topical Term | Rate of shear |
| 650 ## - SUBJECT ADDED ENTRY--TOPICAL TERM | |
| Topical Term | Rheology |
| 650 ## - SUBJECT ADDED ENTRY--TOPICAL TERM | |
| Topical Term | Rheology |
| 650 ## - SUBJECT ADDED ENTRY--TOPICAL TERM | |
| Topical Term | Shear stress |
| 650 ## - SUBJECT ADDED ENTRY--TOPICAL TERM | |
| Topical Term | Shear stress |
| 650 ## - SUBJECT ADDED ENTRY--TOPICAL TERM | |
| Topical Term | SMR-CV |
| 650 ## - SUBJECT ADDED ENTRY--TOPICAL TERM | |
| Topical Term | SMR-CV |
| 650 ## - SUBJECT ADDED ENTRY--TOPICAL TERM | |
| Topical Term | SMR-L |
| 650 ## - SUBJECT ADDED ENTRY--TOPICAL TERM | |
| Topical Term | SMR-L |
| 942 ## - ADDED ENTRY ELEMENTS (KOHA) | |
| Koha item type | Articles |
| Withdrawn status | Lost status | Damaged status | Not for loan | Home library | Current library | Shelving location | Date acquired | Serial Enumeration / chronology | Koha item type |
|---|---|---|---|---|---|---|---|---|---|
| Articles | RRII Library | RRII Library | Rubber technology | 20/12/2021 | Volume 2, Issue 1 | Articles |